The answer ends with a K - Statistics

General Stats
  • This quiz has been taken 65 times
  • The average score is 8 of 15
Answer Stats
Hint Answer % Correct
One of the colours of a Zebra Black
100%
The website we are on JetPunk
98%
First name of UK president Obama Barack
95%
Famous girl who kept a diary during World War 2 and hid in Amsterdam Anne Frank
87%
Irish city and a stopper for a wine bottle Cork
85%
First name of Superman's alter-ego Clark
80%
Grandfather, Cuckoo, Atomic Clock
75%
Icelandic singer Bjork
63%
Eider, Mallard Duck
58%
Type of house that Dickens wrote about Bleak
33%
First name of UK comedian Emery Dick
28%
First name of Ms Colby, choreographer for Pans People and Legs & Co Flick
17%
US soul singer who had hits in duets with Donny Hathaway as well as solo hits Roberta Flack
10%
Sequel to the film The Pink Panther starring Peter Sellers A Shot In The Dark
7%
1981 hit single for Coast To Coast Do The Hucklebuck
5%
No matching quizzes found
Score Distribution
Percent of People with Each Score
Percentile by Number Answered
Your Score History
You have not taken this quiz